To Possibilities of Solution of Differential Equation of Logistic Function

Analýza aplikácie logistickej funkcie na určenie rozpätia informácií alebo počtu zákazníkov v hypermarkete. Príklady aplikácie funkcie v Exceli.

Saved in:
Bibliographic Details
Main Author: Dávid, Arnold
Other Authors: Peller, František, Vokorokosová, Renáta, 1967-
Format: Book Chapter
Language:English
Subjects:
Tags: Add Tag
No Tags, Be the first to tag this record!

MARC

LEADER 00000nla a2200000 4500
001 0211279
005 20240502083527.9
041 0 |a eng 
044 |a RS 
245 1 0 |a To Possibilities of Solution of Differential Equation of Logistic Function  |c Arnold Dávid, František Peller, Renáta Vokorokosová 
520 |a Analýza aplikácie logistickej funkcie na určenie rozpätia informácií alebo počtu zákazníkov v hypermarkete. Príklady aplikácie funkcie v Exceli. 
610 2 0 |a tok informácií 
610 2 0 |a logistika integrovaná 
610 2 0 |a rovnice diferenciálne 
100 1 |a Dávid, Arnold 
700 1 |a Peller, František 
700 1 |a Vokorokosová, Renáta, 1967-